|
|
|
|
| LEADER |
01654nam a2200385 a 4500 |
| 001 |
000009830 |
| 003 |
CZ BrMZK |
| 005 |
20231107075154.0 |
| 008 |
930628s1993 xr f cze d |
| 015 |
|
|
|a cnb000077406
|
| 020 |
|
|
|a 80-214-0542-2
|c 13.50
|
| 040 |
|
|
|a BOA001
|b cze
|
| 080 |
|
|
|a 631.4(076.5)
|2 MRF
|
| 100 |
1 |
|
|a Šálek, Jan,
|d 1934-
|7 jk01122431
|4 aut
|
| 245 |
1 |
0 |
|a Půdní hospodářství :
|b návody na cvičení /
|c Jan Šálek, Martin Oujezdský
|
| 250 |
|
|
|a 1. vyd.
|
| 260 |
|
|
|a Brno :
|b Vysoké učení technické,
|c 1993
|
| 300 |
|
|
|a 40 s. :
|b il.
|
| 500 |
|
|
|a Vys. učení techn. v Brně, fak. staveb.
|
| 500 |
|
|
|a Učeb. texty vys. škol.
|
| 504 |
|
|
|a Obsahuje bibliografii
|
| 653 |
0 |
|
|a půdní hospodářství
|
| 700 |
1 |
|
|a Oujezdský, Martin
|7 mzk2011648156
|4 aut
|
| 910 |
|
|
|a BOA001
|b X2-0991.012
|b TK-A-0252.336
|
| 920 |
|
|
|a 000160271
|
| 962 |
|
|
|a 631.4
|
| 964 |
|
|
|a Hospodářství půdní - cvičení - školy vysoké
|
| 990 |
|
|
|a BK
|
| 991 |
|
|
|b 202311
|
| 996 |
7 |
|
|b 2610001436
|c X2-0991.012
|l MZK
|r Sklad / do 24 hodin
|n 5
|p p.v.
|w 000009830
|u 000010
|a 1
|e BOA001
|j MZK50
|s A
|
| 996 |
7 |
|
|b 2629986616
|c TK-A-0252.336
|l MZK
|r Sklad / do 24 hodin
|n 0
|w 000009830
|u 000060
|a 1
|e BOA001
|j MZK50
|s A
|
| 996 |
7 |
|
|b 2629986617
|c TK-A-0252.336
|l MZK
|r Sklad / do 24 hodin
|n 1
|w 000009830
|u 000040
|a 1
|e BOA001
|j MZK50
|s A
|
| 996 |
7 |
|
|b 2629986618
|c TK-A-0252.336
|l MZK
|r Sklad / do 24 hodin
|n 4
|w 000009830
|u 000020
|a 1
|e BOA001
|j MZK50
|s A
|
| 996 |
7 |
|
|b 2629986619
|c TK-A-0252.336
|l MZK
|r Sklad / do 24 hodin
|n 0
|w 000009830
|u 000050
|a 1
|e BOA001
|j MZK50
|s A
|
| 996 |
7 |
|
|b 2629986620
|c TK-A-0252.336
|l MZK
|r Sklad / do 24 hodin
|n 0
|w 000009830
|u 000030
|a 1
|e BOA001
|j MZK50
|s A
|